000 01401nam0a22003251 4500
001 v19\rc\1539033
005 20250618201039.0
035 _a(NLR Aleph) 004689665
090 _a3917497
_c3917497
100 _a20060620d1892 |||y0rusy50 ca
101 1 _arus
_clat
102 _aRU
105 _ay z |||||
200 1 _aПособие к чтению и изучению К. Саллюстия Криспа
_eСлова, коммент. и пер. "Bellum Jugurthinum"
_fСост.: Е. Логвинов, учитель Белоцерков. гимназии и Д. Фомицкий
205 _a2-е изд., доп.
210 _aКиев
_cФ. Иогансон
_d1892
215 _a[2], 396 с.
_d16
300 _aСо 2-го изд. подзаг.: Сост.: Е. Логвинов, учитель Белоцерков. гимназии и Д. Фомицкий
700 1 _9z01790
_aСаллюстий
_bГ.К.
_f86-ок. 35 до н. э.
_gГай Крисп
702 1 _aЛогвинов
_bЕ.А.
_gЕвгений Александрович
_4220
702 1 _aФомицкий
_bД.
_4220
790 1 _9z01700
_aСаллюстий
_bК.К.
_f86-ок. 35 до н. э.
_gК. Крисп
801 0 _aRU
_bNLR
_gpsbo
801 0 _aRU
_bRuMoRGB
_2psbo
801 1 _aRU
_bProSoft-M
_2rusmarc
852 _aNLR
_j18.302.5.14
899 _aRuMoRGB
_jN 18/276а
899 _aБАН
942 _cBOOK
980 _aNB